| 000 | 01247cam a2200301Ii 4500 | ||
|---|---|---|---|
| 001 | chancewindsoffor00mcba | ||
| 003 | CaSfIA | ||
| 005 | 20210117223245.0 | ||
| 007 | cr|||| | ||
| 008 | 800723s1980 nyu 000 1 eng d | ||
| 010 | _a 80066751 | ||
| 040 |
_aTDS _cTDS _dOCLCQ _dYDXCP _dCaSfIA |
||
| 020 |
_a0380757966 (pbk.) : _c$2.95 |
||
| 020 | _a9780380757961 (pbk.) | ||
| 035 | _a(OCoLC)6541792 | ||
| 082 | 0 | 4 | _a813/.5/4 |
| 100 | 1 | _aMcBain, Laurie. | |
| 245 | 1 | 0 |
_aChance the winds of fortune / _h[electronic resource] _cLaurie McBain. |
| 260 |
_aNew York : _bAvon, _c1980. |
||
| 300 |
_a505 p. ; _c18 cm. |
||
| 856 | 4 | 1 |
_uhttp://www.archive.org/details/chancewindsoffor00mcba _zFree eBook from the Internet Archive |
| 856 | 4 | 2 |
_uhttp://www.openlibrary.org/books/OL24372057M _zAdditional information and access via Open Library |
| 029 | 1 |
_aUNITY _b048322598 |
|
| 029 | 1 |
_aUKWLT _b255227 |
|
| 942 | _cEB | ||
| 506 | _fНеобхідна авторизація на https://archive.org/ (створення облікового запису безкоштовно) | ||
| 506 | _fНеобхідна авторизація на https://openlibrary.org/ (створення облікового запису безкоштовно) | ||
| 999 |
_c479489 _d479489 |
||